| 000 | 01967cam a2200361 a 4500 | ||
|---|---|---|---|
| 001 | 1655651 | ||
| 005 | 20041230114126.0 | ||
| 008 | 971203s1998 nyu 000 1 eng | ||
| 010 | _a 97047484 | ||
| 020 | _a9781405852234 (Pack) | ||
| 020 | _a9781405850902 (Book) | ||
| 020 | _a9781405850896 (CD- Rom) | ||
| 040 |
_aDLC _cDLC _dDLC _dOCoLC _dDLC |
||
| 050 | 0 | 0 |
_aPS3557.R5355 _bS7 1998 |
| 082 | 0 | 0 |
_221 _a428.64 _bGRI |
| 100 | 1 |
_aGrisham, John. _98272 |
|
| 245 | 1 | 4 |
_aThe Street Lawyer / _cJohn Grisham; retold by Michael Dean. |
| 260 |
_aEngland : _bPearson Education Limited, _cc2007. |
||
| 300 |
_aiv, 76 p. ; _bcol. ill.; _c24 cm. + _e2 CD-ROM (4 3/4 in.) |
||
| 490 | 0 |
_aPenguin Active Reader ; _v4 |
|
| 500 | _a" Level 4, 1700 headwords, Intermediate"-- Cover | ||
| 651 | 0 |
_aWashington (D.C.) _xFiction. _98273 |
|
| 655 | 7 |
_aLegal stories. _2gsafd _98274 |
|
| 700 | 1 |
_aDean, Michael _98275 |
|
| 856 | 4 | 2 |
_3Contributor biographical information _uhttp://www.loc.gov/catdir/bios/random058/97047484.html |
| 856 | 4 | 1 |
_3Sample text _uhttp://www.loc.gov/catdir/samples/random043/97047484.html |
| 856 | 4 | 2 |
_3Publisher description _uhttp://www.loc.gov/catdir/description/random044/97047484.html |
| 942 |
_2ddc _cBB |
||
| 999 |
_c12486 _d12486 |
||